Coleópteros de la sierra de Chiribiquete (<dpto. de Caquetá, Colombia>) (Registro nro. 11491)

Detalles MARC
000 -CABECERA
Campo de control 005120000a22001570004500
090 ## - CLASIFICACIÓN LOCAL
Colección AR
Consecutivo 02420
041 0# - IDIOMA
Código de idioma para texto/pista de sonido o título separado
100 1# - ASIENTO PRINCIPAL--NOMBRE PERSONAL
Nombre personal Martín Piera, Fermín
245 10 - MENCION DE TITULO
Título Coleópteros de la sierra de Chiribiquete (<dpto. de Caquetá, Colombia>)
650 14 - ASIENTO SECUNDARIO DE MATERIA - TERMINO TEMATICO
Término temático o nombre geográfico como elemento de entrada Entomología
650 14 - ASIENTO SECUNDARIO DE MATERIA - TERMINO TEMATICO
Término temático o nombre geográfico como elemento de entrada Inventarios de insectos
651 #4 - ASIENTO SECUNDARIO DE MATERIA - NOMBRE GEOGRAFICO
-- Sierra de Chiribiquete
-- Caquetá
-- Colombia
700 1# - ASIENTO SECUNDARIO - NOMBRE PERSONAL
Nombre personal Fernández Torres, Alberto
773 1# - Item fuente:
Título Elytron
Especificación de materiales 1239
Paginas del Articulo 23-50
Lugar, editorial y fecha de publicación 1996
Información sobre la relación 10
942 ## - ELEMENTOS ADICIONALES (KOHA)
Tipo de ítem Artículo
Existencias
Withdrawn status Lost status Damaged status No para préstamo Colección Ubicación Permanente Ubicación actual Fecha de adquisición Fuente de Valor Datos de publicación Seriada Total Checkouts Número topográfico Inventario / Código de Barras Date last seen Ejemplar Price effective from Forma de adquisición Tipo de material
      No para Préstamo Hemeroteca Bogotá Bogotá 27/02/2015 Ferreira Miani, Paola Fuera de circulación   AR 02420 018050 25/03/2015 1 25/03/2015   Artículo